00577nam a22001817a 450000500170000001000150001702000260003203500140005803700130007208200140008524500900009926000420018927000800023130000260031150400200033770000210035770000170037820170222143858.0 aENG-117303 a9789386062543c595.00 aEN-100835 bDBAD/PUB00a371.9144310aThe dyslexia-friendly teacher's toolkit : cbybstrategies for teaching students 3-1/ a New Delhi bSAGE Publications,c2017 aB1/I-1 Mohan Cooperative Industrial Area, Mathura Roadb New Delhi e110044 axi,256p.c23 cm.(pbk) aIncludes index. aMeehan, Margaret aDavis, Sarah